000 00734nam a2200181 4500
008 240107b |||||||| |||| 00| 0 eng d
082 _a303.69
_bGLO
110 _aGlobal partnership for the prevent of the armed conflict
245 _aAssessing progress on the road to peace:
_bplanning, monitoring and evaluating conflict prevention and peacebuilding activities
260 _aHague:
_bEuropean centre for conflict prevention/Global Secretariat,
_c2008
300 _a60 p.
440 _aIssue paper
_v5
650 _aPEACE BUILDING
650 _aConflict resolution
700 _aScheera, Goele
_eed.
856 _uhttps://peacemaker.un.org/sites/peacemaker.un.org/files/AssessingProgressontheRoadtoPeace_ECCP2008.pdf
942 _cRP
999 _c4599
_d4599